[Event "1st Stars Cup 2016"]
[Site "Guilan, Iran"]
[Date "2016.07.19"]
[Round "9"]
[Board "1"]
[White "Sargissian, Gabriel"]
[Black "Gholami, Aryan"]
[Result "1-0"]
[WhiteElo "2679"]
[BlackElo "2454"]
[PlyCount "0"]
[EventDate "2016.07.11"]
[EventType "team"]
[EventRounds "10"]
[EventCountry "IRI"]
[WhiteTeam "World Stars"]
[BlackTeam "Iran Stars"]

1. d4 {[%clk 1:30:57]} Nf6 {[%clk 1:30:49]} 2. c4 {[%clk 1:31:24]} e6
{[%clk 1:31:08]} 3. Nc3 {[%clk 1:31:50]} Bb4 {[%clk 1:31:23]} 4. Nf3
{[%clk 1:32:14]} b6 {[%clk 1:30:25]} 5. e3 {[%clk 1:31:45]} Bb7 {[%clk 1:30:03]}
6. Bd3 {[%clk 1:32:06]} O-O {[%clk 1:29:11]} 7. O-O {[%clk 1:32:25]} d5
{[%clk 1:23:33]} 8. cxd5 {[%clk 1:32:46]} exd5 {[%clk 1:23:53]} 9. Ne5
{[%clk 1:29:43]} Nbd7 {[%clk 1:20:02]} 10. f4 {[%clk 1:29:47]} c5
{[%clk 1:18:22]} 11. Ne2 {[%clk 1:25:29]} c4 {[%clk 1:06:45]} 12. Bc2
{[%clk 1:24:25]} Rc8 {[%clk 1:05:04]} 13. Ng3 {[%clk 1:23:10]} Ne4
{[%clk 1:03:10]} 14. Bxe4 {[%clk 1:04:58]} dxe4 {[%clk 1:03:35]} 15. Bd2
{[%clk 0:57:58]} Bxd2 {[%clk 0:52:34]} 16. Qxd2 {[%clk 0:57:46]} Nf6
{[%clk 0:51:54]} 17. Rfc1 {[%clk 0:55:19]} Ba6 {[%clk 0:40:31]} 18. b3
{[%clk 0:46:42]} b5 {[%clk 0:40:02]} 19. bxc4 {[%clk 0:45:35]} bxc4
{[%clk 0:40:28]} 20. Rab1 {[%clk 0:39:00]} Re8 {[%clk 0:34:26]} 21. Qb4
{[%clk 0:37:36]} Re6 22. Qa3 g6 {[%clk 0:30:30]} 23. Rb4 {[%clk 0:33:46]} Qf8
{[%clk 0:22:22]} 24. Ra4 {[%clk 0:33:34]} Qxa3 {[%clk 0:22:17]} 25. Rxa3
{[%clk 0:33:58]} Rc7 {[%clk 0:22:07]} 26. Ne2 {[%clk 0:28:38]} Nd5
{[%clk 0:20:00]} 27. Nc3 {[%clk 0:28:38]} Nxc3 {[%clk 0:19:02]} 28. Raxc3
{[%clk 0:23:10]} f6 {[%clk 0:19:14]} 29. Ng4 {[%clk 0:23:25]} Kf7
{[%clk 0:14:08]} 30. Nf2 {[%clk 0:23:38]} f5 {[%clk 0:14:25]} 31. Ra3
{[%clk 0:22:27]} Bb5 {[%clk 0:12:17]} 32. Nd1 {[%clk 0:22:37]} Ra6
{[%clk 0:12:09]} 33. Nc3 {[%clk 0:20:44]} Rb6 {[%clk 0:05:28]} 34. Nd5
{[%clk 0:20:47]} Rbb7 {[%clk 0:05:05]} 35. Nxc7 {[%clk 0:21:10]} Rxc7
{[%clk 0:05:26]} 36. Ra5 {[%clk 0:21:29]} a6 {[%clk 0:05:14]} 37. a4 Bd7 38. Rc5
{[%clk 0:18:56]} Rxc5 {[%clk 0:05:48]} 39. dxc5 Bxa4 {[%clk 0:05:28]} 40. Rxc4
{[%clk 0:19:42]} Bb5 {[%clk 0:05:55]} 41. Rd4 {[%clk 0:19:22]} a5
{[%clk 0:05:54]} 42. Kf2 {[%clk 0:19:18]} a4 {[%clk 0:06:09]} 43. Rb4
{[%clk 0:19:23]} Be8 {[%clk 0:03:13]} 44. Rb6 {[%clk 0:19:42]} Ke7
{[%clk 0:03:31]} 45. Ke1 {[%clk 0:19:57]} Bf7 {[%clk 0:03:27]} 46. Ra6
{[%clk 0:20:19]} Bb3 {[%clk 0:03:46]} 47. Kd2 {[%clk 0:20:45]} 1-0

[Event "1st Stars Cup 2016"]
[Site "Guilan, Iran"]
[Date "2016.07.19"]
[Round "9"]
[Board "2"]
[White "Dreev, Aleksey"]
[Black "Mousavi, Seyed Khalil"]
[Result "1-0"]
[WhiteElo "2664"]
[BlackElo "2432"]
[PlyCount "0"]
[EventDate "2016.07.11"]
[EventType "team"]
[EventRounds "10"]
[EventCountry "IRI"]
[WhiteTeam "World Stars"]
[BlackTeam "Iran Stars"]

1. d4 {[%clk 1:30:56]} d5 {[%clk 1:30:28]} 2. c4 {[%clk 1:31:10]} dxc4
{[%clk 1:30:46]} 3. Nf3 {[%clk 1:31:05]} Nf6 {[%clk 1:30:38]} 4. e3
{[%clk 1:30:52]} e6 {[%clk 1:30:53]} 5. Bxc4 {[%clk 1:31:15]} c5 {[%clk 1:31:17]}
6. O-O {[%clk 1:31:41]} a6 {[%clk 1:31:40]} 7. b3 {[%clk 1:31:45]} b5
{[%clk 1:30:10]} 8. Be2 {[%clk 1:30:26]} cxd4 {[%clk 1:28:08]} 9. Nxd4
{[%clk 1:27:36]} e5 {[%clk 1:26:39]} 10. Nf3 {[%clk 1:24:49]} Bd6
{[%clk 1:24:53]} 11. Qd2 {[%clk 1:02:50]} Ra7 {[%clk 1:21:59]} 12. Bb2
{[%clk 0:49:52]} Rd7 {[%clk 1:17:57]} 13. a4 {[%clk 0:42:38]} b4 {[%clk 1:07:27]}
14. Qc2 {[%clk 0:41:38]} Rc7 {[%clk 1:01:31]} 15. Bc4 {[%clk 0:41:24]} Nc6
{[%clk 0:54:33]} 16. Nbd2 {[%clk 0:39:43]} O-O {[%clk 0:50:56]} 17. Rfd1
{[%clk 0:35:16]} Qe7 {[%clk 0:44:33]} 18. Rac1 {[%clk 0:33:33]} g6
{[%clk 0:38:38]} 19. Qd3 {[%clk 0:29:54]} Nb8 {[%clk 0:34:39]} 20. Ng5
{[%clk 0:21:54]} Bg4 {[%clk 0:23:04]} 21. Nxf7 {[%clk 0:08:06]} Rxf7
{[%clk 0:20:32]} 22. Bxf7+ {[%clk 0:08:32]} Kxf7 {[%clk 0:20:34]} 23. Nc4
{[%clk 0:08:48]} Rxc4 {[%clk 0:17:09]} 24. Qxc4+ {[%clk 0:09:14]} Be6
{[%clk 0:16:52]} 25. Qd3 {[%clk 0:09:36]} Bc7 {[%clk 0:14:31]} 26. f4
{[%clk 0:07:53]} exf4 {[%clk 0:11:35]} 27. Qd4 {[%clk 0:07:23]} Ne8
{[%clk 0:07:36]} 28. exf4 {[%clk 0:04:48]} Nd7 {[%clk 0:06:45]} 29. Kh1
{[%clk 0:04:20]} Ndf6 {[%clk 0:04:07]} 30. Re1 {[%clk 0:04:10]} a5
{[%clk 0:04:02]} 31. Rc6 {[%clk 0:02:22]} Bd6 {[%clk 0:03:53]} 32. Ra6
{[%clk 0:02:35]} Bc5 {[%clk 0:03:41]} 33. Qd2 {[%clk 0:01:39]} Nc7
{[%clk 0:02:45]} 34. Rxa5 {[%clk 0:01:46]} Ng4 {[%clk 0:02:09]} 35. Rxc5
{[%clk 0:01:13]} Qxc5 {[%clk 0:02:37]} 36. h3 {[%clk 0:01:16]} Qf2
{[%clk 0:02:38]} 37. Qe2 {[%clk 0:00:35]} Qxe2 {[%clk 0:02:18]} 38. Rxe2
{[%clk 0:01:04]} Nf6 {[%clk 0:02:21]} 39. Be5 {[%clk 0:00:42]} Na6
{[%clk 0:01:59]} 40. Rc2 {[%clk 0:00:54]} Bd5 {[%clk 0:02:26]} 41. Rd2
{[%clk 0:00:50]} Be6 {[%clk 0:02:11]} 42. Bxf6 {[%clk 0:00:56]} Kxf6
{[%clk 0:02:35]} 43. Rd6 {[%clk 0:01:23]} Nc7 {[%clk 0:01:02]} 44. Rb6
{[%clk 0:01:01]} Nd5 {[%clk 0:01:10]} 45. Rb5 {[%clk 0:01:07]} Ke7
{[%clk 0:00:34]} 46. a5 {[%clk 0:01:28]} Kd6 {[%clk 0:00:32]} 47. a6
{[%clk 0:01:46]} Nc7 {[%clk 0:00:32]} 48. a7 {[%clk 0:00:54]} Bxb3
{[%clk 0:00:36]} 49. Rxb4 {[%clk 0:01:18]} Bd5 {[%clk 0:00:54]} 50. Kh2
{[%clk 0:01:10]} Kc5 {[%clk 0:00:32]} 51. Rb8 {[%clk 0:01:27]} h5
{[%clk 0:00:32]} 52. Kg3 {[%clk 0:01:30]} Be4 {[%clk 0:00:33]} 53. Kf2
{[%clk 0:01:40]} h4 {[%clk 0:00:32]} 54. Rh8 {[%clk 0:01:13]} Kb6
{[%clk 0:00:43]} 55. Rh7 {[%clk 0:01:37]} Bb7 {[%clk 0:00:35]} 56. Rg7
{[%clk 0:01:08]} Ne8 {[%clk 0:00:32]} 57. Rg8 {[%clk 0:00:50]} Nc7
{[%clk 0:00:49]} 58. Rxg6+ {[%clk 0:01:16]} Kxa7 {[%clk 0:01:17]} 59. f5
{[%clk 0:00:56]} Bd5 {[%clk 0:00:54]} 60. Ke3 {[%clk 0:00:53]} Kb7
{[%clk 0:00:42]} 61. Kd4 {[%clk 0:01:11]} Kc8 {[%clk 0:00:44]} 62. Ke5
{[%clk 0:01:35]} Ba2 {[%clk 0:00:47]} 63. Rg4 {[%clk 0:01:37]} Kd7
{[%clk 0:01:06]} 64. Rxh4 {[%clk 0:01:53]} Ke7 {[%clk 0:01:23]} 65. Ra4
{[%clk 0:01:15]} 1-0

[Event "1st Stars Cup 2016"]
[Site "Guilan, Iran"]
[Date "2016.07.19"]
[Round "9"]
[Board "3"]
[White "Edouard, Romain"]
[Black "Khademalsharieh, Sarasadat"]
[Result "1-0"]
[WhiteElo "2639"]
[BlackElo "2445"]
[PlyCount "0"]
[EventDate "2016.07.11"]
[EventType "team"]
[EventRounds "10"]
[EventCountry "IRI"]
[WhiteTeam "World Stars"]
[BlackTeam "Iran Stars"]

1. c4 {[%clk 1:30:55]} Nf6 {[%clk 1:30:38]} 2. Nc3 {[%clk 1:31:19]} e6 3. Nf3
{[%clk 1:31:21]} Bb4 {[%clk 1:30:24]} 4. g4 {[%clk 1:31:42]} h6 {[%clk 1:12:51]}
5. Rg1 b6 {[%clk 1:09:36]} 6. Qc2 {[%clk 1:32:16]} Bb7 {[%clk 1:09:48]} 7. a3
{[%clk 1:32:40]} Be7 {[%clk 1:08:45]} 8. d4 {[%clk 1:32:12]} d5 {[%clk 0:56:03]}
9. g5 {[%clk 1:30:25]} hxg5 {[%clk 0:56:05]} 10. Nxg5 {[%clk 1:30:49]} Ne4
{[%clk 0:55:30]} 11. Ngxe4 {[%clk 1:22:09]} dxe4 {[%clk 0:55:44]} 12. Be3
{[%clk 1:22:35]} Bf8 {[%clk 0:51:11]} 13. Nxe4 {[%clk 1:19:32]} Rxh2
{[%clk 0:49:50]} 14. O-O-O {[%clk 1:19:36]} Nd7 {[%clk 0:50:09]} 15. d5
{[%clk 1:09:26]} e5 {[%clk 0:30:40]} 16. Qa4 {[%clk 1:04:37]} Qe7
{[%clk 0:22:12]} 17. c5 {[%clk 1:00:24]} bxc5 {[%clk 0:20:39]} 18. Bxc5
{[%clk 0:56:34]} Qh4 {[%clk 0:19:51]} 19. Bxf8 {[%clk 0:56:26]} Kxf8
{[%clk 0:19:56]} 20. Qb4+ {[%clk 0:47:19]} Kg8 {[%clk 0:19:13]} 21. Qxb7
{[%clk 0:45:33]} 1-0

[Event "1st Stars Cup 2016"]
[Site "Guilan, Iran"]
[Date "2016.07.19"]
[Round "9"]
[Board "4"]
[White "Pourramezanali, Amirreza"]
[Black "Short, Nigel D"]
[Result "1/2-1/2"]
[WhiteElo "2509"]
[BlackElo "2652"]
[PlyCount "0"]
[EventDate "2016.07.11"]
[EventType "team"]
[EventRounds "10"]
[EventCountry "IRI"]
[WhiteTeam "Iran Stars"]
[BlackTeam "World Stars"]

1. e4 {[%clk 1:30:57]} e6 {[%clk 1:30:36]} 2. d4 {[%clk 1:31:20]} d5
{[%clk 1:31:00]} 3. exd5 {[%clk 1:31:46]} exd5 {[%clk 1:31:21]} 4. Nf3
{[%clk 1:32:11]} Nc6 {[%clk 1:30:07]} 5. Bd3 {[%clk 1:32:11]} Bg4
{[%clk 1:29:36]} 6. c3 {[%clk 1:32:35]} Bd6 {[%clk 1:30:01]} 7. O-O
{[%clk 1:32:58]} Qd7 {[%clk 1:29:05]} 8. Re1+ {[%clk 1:33:12]} Nge7
{[%clk 1:29:26]} 9. Nbd2 {[%clk 1:33:40]} O-O-O {[%clk 1:28:22]} 10. b4
{[%clk 1:34:07]} Rde8 {[%clk 1:28:27]} 11. b5 {[%clk 1:30:27]} Nd8
{[%clk 1:26:47]} 12. Qa4 {[%clk 1:28:00]} Kb8 {[%clk 1:26:57]} 13. Ba3
{[%clk 1:26:59]} Ne6 {[%clk 1:12:00]} 14. Ne5 {[%clk 1:25:33]} Bxe5
{[%clk 1:12:25]} 15. dxe5 {[%clk 1:26:01]} Bf5 {[%clk 0:58:02]} 16. Bf1
{[%clk 1:26:20]} d4 {[%clk 0:53:37]} 17. cxd4 {[%clk 1:19:20]} Qxd4
{[%clk 0:53:04]} 18. Nc4 {[%clk 1:19:12]} Nc8 {[%clk 0:53:22]} 19. Qb3
{[%clk 1:09:18]} Rd8 {[%clk 0:48:14]} 20. Rad1 {[%clk 1:07:04]} Qh4
{[%clk 0:48:32]} 1/2-1/2

[Event "1st Stars Cup 2016"]
[Site "Guilan, Iran"]
[Date "2016.07.19"]
[Round "9"]
[Board "5"]
[White "Ghaem Maghami, Ehsan"]
[Black "Sokolov, Ivan"]
[Result "1/2-1/2"]
[WhiteElo "2569"]
[BlackElo "2642"]
[PlyCount "0"]
[EventDate "2016.07.11"]
[EventType "team"]
[EventRounds "10"]
[EventCountry "IRI"]
[WhiteTeam "Iran Stars"]
[BlackTeam "World Stars"]

1. c4 {[%clk 1:26:07]} e5 {[%clk 1:30:54]} 2. Nc3 {[%clk 1:26:29]} Bb4
{[%clk 1:31:15]} 3. Nd5 {[%clk 1:26:48]} Bc5 {[%clk 1:31:39]} 4. Nf3
{[%clk 1:27:12]} c6 {[%clk 1:31:28]} 5. Nc3 {[%clk 1:27:35]} d6 {[%clk 1:26:26]}
6. e3 {[%clk 1:27:47]} Qe7 {[%clk 1:24:54]} 7. Be2 {[%clk 1:25:14]} Nf6
{[%clk 1:19:47]} 8. d4 {[%clk 1:18:58]} Bb4 {[%clk 1:19:08]} 9. Bd2
{[%clk 1:11:42]} O-O {[%clk 1:16:33]} 10. O-O {[%clk 1:07:02]} Bg4
{[%clk 1:12:43]} 11. d5 {[%clk 0:56:50]} Bxc3 {[%clk 1:01:07]} 12. Bxc3
{[%clk 0:55:48]} Ne4 {[%clk 0:58:35]} 13. Be1 {[%clk 0:53:25]} c5
{[%clk 0:59:04]} 14. h3 {[%clk 0:44:03]} Bh5 {[%clk 0:58:21]} 15. Nh2
{[%clk 0:41:57]} Bxe2 {[%clk 0:58:09]} 16. Qxe2 {[%clk 0:42:18]} f5
{[%clk 0:57:44]} 17. f3 {[%clk 0:42:38]} Ng5 {[%clk 0:54:02]} 18. Qc2
{[%clk 0:39:35]} h6 {[%clk 0:54:29]} 19. Kh1 {[%clk 0:36:30]} Nd7
{[%clk 0:51:25]} 20. Bh4 {[%clk 0:32:25]} Qf7 {[%clk 0:51:15]} 21. a4
{[%clk 0:30:45]} 1/2-1/2

[Event "1st Stars Cup 2016"]
[Site "Guilan, Iran"]
[Date "2016.07.19"]
[Round "9"]
[Board "6"]
[White "Darini, Pouria"]
[Black "Miroshnichenko, Evgenij"]
[Result "1-0"]
[WhiteElo "2524"]
[BlackElo "2616"]
[PlyCount "0"]
[EventDate "2016.07.11"]
[EventType "team"]
[EventRounds "10"]
[EventCountry "IRI"]
[WhiteTeam "Iran Stars"]
[BlackTeam "World Stars"]

1. e4 {[%clk 1:29:46]} d5 {[%clk 1:30:46]} 2. exd5 {[%clk 1:30:09]} Qxd5
{[%clk 1:31:13]} 3. Nc3 {[%clk 1:30:33]} Qd6 {[%clk 1:31:37]} 4. d4
{[%clk 1:30:47]} Nf6 {[%clk 1:32:04]} 5. Nf3 {[%clk 1:31:07]} g6 {[%clk 1:32:30]}
6. Bg5 {[%clk 1:30:35]} Bg7 {[%clk 1:32:34]} 7. Qd2 {[%clk 1:30:54]} O-O
{[%clk 1:32:16]} 8. O-O-O {[%clk 1:30:14]} a6 {[%clk 1:31:04]} 9. Bf4
{[%clk 1:29:20]} Qd8 {[%clk 1:25:42]} 10. h4 {[%clk 1:25:24]} Bg4
{[%clk 1:03:49]} 11. Be2 {[%clk 1:21:34]} c5 {[%clk 1:03:07]} 12. h5
{[%clk 1:04:17]} Bxh5 {[%clk 0:57:15]} 13. Bh6 {[%clk 0:58:09]} Nc6
{[%clk 0:31:12]} 14. Bxg7 {[%clk 0:53:22]} Kxg7 {[%clk 0:31:39]} 15. g4
{[%clk 0:38:39]} Nxg4 {[%clk 0:27:55]} 16. d5 {[%clk 0:39:05]} e6
{[%clk 0:17:06]} 17. dxc6 {[%clk 0:37:20]} Qxd2+ {[%clk 0:17:34]} 18. Rxd2
{[%clk 0:37:38]} bxc6 {[%clk 0:17:38]} 19. Ne4 {[%clk 0:37:34]} Nf6
{[%clk 0:16:47]} 20. Nxc5 {[%clk 0:36:28]} a5 {[%clk 0:17:16]} 21. Ne5
{[%clk 0:35:09]} Bxe2 {[%clk 0:17:40]} 22. Rxe2 {[%clk 0:35:35]} Rfd8
{[%clk 0:17:39]} 23. Ne4 {[%clk 0:33:16]} h5 {[%clk 0:17:08]} 24. Ng5
{[%clk 0:31:58]} Rf8 {[%clk 0:17:05]} 25. Nxc6 {[%clk 0:32:07]} Nd5
{[%clk 0:17:28]} 26. Ne5 {[%clk 0:29:53]} Nf4 {[%clk 0:16:11]} 27. Re4
{[%clk 0:29:36]} f6 {[%clk 0:16:39]} 28. Rxf4 {[%clk 0:28:40]} fxg5
{[%clk 0:17:08]} 29. Rxf8 {[%clk 0:15:24]} Rxf8 {[%clk 0:17:22]} 30. Nd3
{[%clk 0:15:53]} g4 {[%clk 0:17:29]} 31. Kd2 {[%clk 0:15:51]} Rf3
{[%clk 0:17:30]} 32. Ke2 {[%clk 0:14:24]} Kf6 {[%clk 0:17:43]} 33. c4
{[%clk 0:14:09]} e5 {[%clk 0:18:01]} 34. Nc5 {[%clk 0:09:45]} Kf5
{[%clk 0:17:17]} 35. Nb7 {[%clk 0:08:20]} a4 {[%clk 0:17:36]} 36. c5
{[%clk 0:08:30]} a3 {[%clk 0:17:54]} 37. c6 {[%clk 0:08:24]} Ke6 {[%clk 0:18:03]}
38. c7 {[%clk 0:07:00]} Kd7 {[%clk 0:18:13]} 39. Rc1 {[%clk 0:07:05]} Rf8
{[%clk 0:18:41]} 40. Nd8 {[%clk 0:05:40]} Kc8 {[%clk 0:18:51]} 41. b4
{[%clk 0:05:36]} Rf6 {[%clk 0:19:07]} 42. b5 {[%clk 0:05:57]} h4 {[%clk 0:19:05]}
43. Rc6 {[%clk 0:02:24]} Rxc6 {[%clk 0:18:47]} 44. Nxc6 {[%clk 0:02:50]} Kxc7
{[%clk 0:19:09]} 45. Nxe5 {[%clk 0:03:15]} Kb6 {[%clk 0:18:16]} 46. Nxg6
{[%clk 0:03:38]} h3 {[%clk 0:18:34]} 47. Kf1 {[%clk 0:04:07]} Kxb5
{[%clk 0:18:46]} 48. Ne5 {[%clk 0:04:36]} Kb4 {[%clk 0:18:49]} 49. Nxg4
{[%clk 0:05:02]} Kc3 {[%clk 0:19:16]} 50. f4 {[%clk 0:04:26]} Kb2
{[%clk 0:19:41]} 51. Ne3 {[%clk 0:04:30]} 1-0

[Event "1st Stars Cup 2016"]
[Site "Guilan, Iran"]
[Date "2016.07.19"]
[Round "9"]
[Board "7"]
[White "Idani, Pouya"]
[Black "Lu, Shanglei"]
[Result "1/2-1/2"]
[WhiteElo "2560"]
[BlackElo "2611"]
[PlyCount "0"]
[EventDate "2016.07.11"]
[EventType "team"]
[EventRounds "10"]
[EventCountry "IRI"]
[WhiteTeam "Iran Stars"]
[BlackTeam "World Stars"]

1. e4 {[%clk 1:30:59]} c5 {[%clk 1:30:50]} 2. Nf3 {[%clk 1:31:24]} d6
{[%clk 1:31:16]} 3. Bb5+ {[%clk 1:31:51]} Bd7 {[%clk 1:31:33]} 4. Bxd7+
{[%clk 1:32:16]} Qxd7 {[%clk 1:31:58]} 5. c4 {[%clk 1:32:42]} Nf6
{[%clk 1:32:21]} 6. Nc3 {[%clk 1:33:08]} g6 {[%clk 1:32:47]} 7. d4
{[%clk 1:33:37]} cxd4 {[%clk 1:33:12]} 8. Nxd4 {[%clk 1:34:04]} Bg7
{[%clk 1:33:36]} 9. b3 {[%clk 1:34:31]} Qg4 {[%clk 1:25:04]} 10. O-O
{[%clk 1:34:05]} Qxd1 {[%clk 1:24:59]} 11. Rxd1 {[%clk 1:34:31]} Nc6
{[%clk 1:25:05]} 12. Bb2 {[%clk 1:34:49]} Nxd4 {[%clk 1:24:37]} 13. Rxd4
{[%clk 1:35:09]} O-O {[%clk 1:24:59]} 1/2-1/2

[Event "1st Stars Cup 2016"]
[Site "Guilan, Iran"]
[Date "2016.07.19"]
[Round "9"]
[Board "8"]
[White "Mchedlishvili, Mikheil"]
[Black "Firouzja, Alireza"]
[Result "1-0"]
[WhiteElo "2604"]
[BlackElo "2481"]
[PlyCount "0"]
[EventDate "2016.07.11"]
[EventType "team"]
[EventRounds "10"]
[EventCountry "IRI"]
[WhiteTeam "World Stars"]
[BlackTeam "Iran Stars"]

1. d4 {[%clk 1:30:52]} Nf6 {[%clk 1:30:47]} 2. c4 {[%clk 1:30:49]} g6
{[%clk 1:30:42]} 3. Nc3 {[%clk 1:29:15]} Bg7 {[%clk 1:30:33]} 4. e4
{[%clk 1:29:11]} d6 {[%clk 1:29:47]} 5. Nf3 {[%clk 1:28:41]} O-O {[%clk 1:30:00]}
6. Be2 {[%clk 1:28:26]} e5 {[%clk 1:30:13]} 7. d5 {[%clk 1:27:06]} a5
{[%clk 1:29:20]} 8. Bg5 {[%clk 1:26:43]} h6 {[%clk 1:26:31]} 9. Bh4
{[%clk 1:25:01]} Na6 {[%clk 1:26:40]} 10. Nd2 {[%clk 1:24:54]} Nc5
{[%clk 1:23:12]} 11. O-O {[%clk 1:23:53]} Bd7 {[%clk 1:23:31]} 12. b3
{[%clk 1:22:59]} Nfxe4 {[%clk 1:20:07]} 13. Bxd8 {[%clk 1:19:33]} Nxc3
{[%clk 1:20:20]} 14. Qe1 {[%clk 1:19:35]} Raxd8 {[%clk 1:08:54]} 15. Nb1
{[%clk 1:14:17]} Nxe2+ {[%clk 1:03:51]} 16. Qxe2 {[%clk 1:14:39]} e4
{[%clk 0:54:20]} 17. Nd2 {[%clk 1:14:34]} Rde8 {[%clk 0:49:41]} 18. Rae1
{[%clk 1:06:30]} f5 {[%clk 0:43:14]} 19. f4 {[%clk 1:04:51]} Bd4+
{[%clk 0:40:31]} 20. Kh1 {[%clk 1:05:10]} Re7 {[%clk 0:33:46]} 21. Nb1
{[%clk 0:58:56]} b6 {[%clk 0:22:17]} 22. Qd2 {[%clk 0:56:15]} Bf6
{[%clk 0:22:08]} 23. Nc3 {[%clk 0:53:21]} g5 {[%clk 0:15:09]} 24. g3
{[%clk 0:51:42]} g4 {[%clk 0:12:25]} 25. Nd1 {[%clk 0:46:50]} h5 {[%clk 0:10:49]}
26. h3 {[%clk 0:39:19]} Kg7 {[%clk 0:09:37]} 27. Ne3 {[%clk 0:34:33]} Kg6
{[%clk 0:09:22]} 28. hxg4 {[%clk 0:33:03]} hxg4 {[%clk 0:09:31]} 29. Kg2
{[%clk 0:33:28]} Nd3 {[%clk 0:09:29]} 30. Rb1 {[%clk 0:31:46]} a4
{[%clk 0:05:14]} 31. b4 {[%clk 0:29:36]} a3 {[%clk 0:04:27]} 32. Rh1
{[%clk 0:29:01]} Ra8 {[%clk 0:04:11]} 33. Rh2 {[%clk 0:20:14]} Ra4
{[%clk 0:03:43]} 34. Nc2 {[%clk 0:20:34]} Rh7 {[%clk 0:02:57]} 35. Rxh7
{[%clk 0:20:44]} Kxh7 {[%clk 0:03:26]} 36. Rh1+ {[%clk 0:19:15]} Kg7
{[%clk 0:03:46]} 37. Kf1 {[%clk 0:19:04]} Be8 {[%clk 0:04:04]} 38. Qh2
{[%clk 0:18:52]} Bg6 {[%clk 0:04:34]} 39. Qh8+ {[%clk 0:18:45]} Kf7
{[%clk 0:05:03]} 40. Qc8 {[%clk 0:19:07]} Nxb4 {[%clk 0:05:28]} 41. Qd7+
{[%clk 0:19:29]} 1-0

[Event "1st Stars Cup 2016"]
[Site "Guilan, Iran"]
[Date "2016.07.19"]
[Round "9"]
[Board "9"]
[White "Ehlvest, Jaan"]
[Black "Lorparizangeneh, Shahin"]
[Result "1/2-1/2"]
[WhiteElo "2524"]
[BlackElo "2468"]
[PlyCount "0"]
[EventDate "2016.07.11"]
[EventType "team"]
[EventRounds "10"]
[EventCountry "IRI"]
[WhiteTeam "World Stars"]
[BlackTeam "Iran Stars"]

1. g3 {[%clk 1:30:57]} d5 {[%clk 1:29:12]} 2. Bg2 {[%clk 1:30:48]} g6
{[%clk 1:28:05]} 3. c4 {[%clk 1:27:58]} c6 {[%clk 1:26:18]} 4. Qa4
{[%clk 1:26:48]} d4 {[%clk 1:22:31]} 5. d3 {[%clk 1:26:23]} e5 {[%clk 1:21:03]}
6. Nf3 {[%clk 1:26:11]} Bg7 {[%clk 1:21:17]} 7. O-O {[%clk 1:22:33]} Ne7
{[%clk 1:21:44]} 8. Nbd2 {[%clk 1:19:13]} O-O {[%clk 1:15:07]} 9. b4
{[%clk 1:19:09]} a6 {[%clk 1:14:08]} 10. Bb2 {[%clk 1:15:24]} Be6
{[%clk 1:12:13]} 11. Qa3 {[%clk 0:57:34]} h6 {[%clk 1:08:25]} 12. Rfe1
{[%clk 0:52:19]} Nd7 {[%clk 1:04:50]} 13. e3 {[%clk 0:52:20]} dxe3
{[%clk 1:04:10]} 14. Rxe3 {[%clk 0:52:04]} Nf5 {[%clk 1:04:23]} 15. Re2
{[%clk 0:51:52]} Nd4 {[%clk 1:03:59]} 16. Nxd4 {[%clk 0:46:13]} exd4
{[%clk 1:04:23]} 17. Nf3 {[%clk 0:44:12]} Bg4 {[%clk 1:00:05]} 18. Rae1
{[%clk 0:43:42]} a5 {[%clk 0:59:01]} 19. b5 {[%clk 0:39:35]} cxb5
{[%clk 0:56:52]} 20. cxb5 {[%clk 0:39:22]} Qb6 {[%clk 0:56:56]} 21. Re7
{[%clk 0:28:16]} Bxf3 {[%clk 0:40:23]} 22. Bxf3 {[%clk 0:27:01]} Qxb5
{[%clk 0:40:42]} 23. Qb3 {[%clk 0:17:38]} Qxb3 {[%clk 0:35:29]} 24. axb3
{[%clk 0:17:51]} Nc5 {[%clk 0:35:55]} 25. Ba3 {[%clk 0:18:03]} Nxd3
{[%clk 0:35:07]} 26. Rd1 {[%clk 0:17:52]} Ne5 {[%clk 0:24:05]} 27. Bxb7
{[%clk 0:17:18]} Rad8 {[%clk 0:24:24]} 28. Kf1 {[%clk 0:11:28]} Bf6
{[%clk 0:20:51]} 29. Rc7 {[%clk 0:10:29]} Rfe8 {[%clk 0:21:16]} 30. Bc1
{[%clk 0:10:11]} d3 {[%clk 0:17:59]} 31. h3 {[%clk 0:08:21]} Rb8 {[%clk 0:11:41]}
32. Bg2 {[%clk 0:06:38]} Rec8 {[%clk 0:05:04]} 33. Rxc8+ {[%clk 0:05:35]} Rxc8
{[%clk 0:05:33]} 34. Bxh6 {[%clk 0:05:12]} Rc3 {[%clk 0:04:53]} 35. Bd5
{[%clk 0:05:11]} Bg7 {[%clk 0:02:21]} 36. Be3 {[%clk 0:03:59]} Nd7
{[%clk 0:01:17]} 37. Rc1 {[%clk 0:03:06]} Rxc1+ {[%clk 0:00:46]} 38. Bxc1
{[%clk 0:03:08]} Bc3 {[%clk 0:01:09]} 39. Be3 {[%clk 0:03:09]} Bb4
{[%clk 0:01:18]} 40. f4 {[%clk 0:01:33]} Nc5 {[%clk 0:01:44]} 41. g4
{[%clk 0:01:43]} Kf8 {[%clk 0:00:50]} 42. h4 {[%clk 0:02:03]} f5 {[%clk 0:00:44]}
43. gxf5 {[%clk 0:00:46]} gxf5 {[%clk 0:01:13]} 44. Bxc5+ {[%clk 0:00:57]} Bxc5
{[%clk 0:01:42]} 45. Be6 {[%clk 0:01:21]} Be3 {[%clk 0:02:07]} 46. Bxf5
{[%clk 0:01:47]} d2 {[%clk 0:02:33]} 47. Ke2 1/2-1/2